[Event "FB1 2223 SK Schwäbisch Hall - SV Mediz"]
[Site "?"]
[Date "2023.02.19"]
[Round "6.3"]
[White "Mueller-Ludwig, Kristin"]
[Black "Arabidze, Meri"]
[Result "0-1"]
[WhiteElo "2045"]
[BlackElo "2427"]
[PlyCount "156"]
[EventDate "2023.??.??"]

1. e4 c5 2. Nf3 e6 3. d4 cxd4 4. Nxd4 Nc6 5. Nb5 d6 6. c4 Nf6 7. N1c3 a6 8. Na3 Be7 9. Be2 b6 10. Be3 O-O 11. O-O Bb7 12. Rc1 Ne5 13. f3 Qc7 14. Na4 Ned7 15. b4 Rab8 16. Qb3 Rfc8 17. Rfd1 Ba8 18. Qd3 Bc6 19. Nc3 Qd8 20. Qd4 Ne8 21. Qd2 h6 22. Bf1 Bf6 23. b5 Bb7 24. bxa6 Bxa6 25. Ncb5 Nc5 26. Na7 Rc7 27. N3b5 Bxb5 28. Nxb5 Rd7 29. Rb1 Rbb7 30. Qf2 Qa8 31. Bf4 Be5 32. Bxe5 dxe5 33. Qb2 f6 34. Be2 Qd8 35. Qc2 Nd6 36. Nxd6 Rxd6 37. Rxd6 Qxd6 38. Rd1 Qe7 39. Qb2 Qc7 40. Qb5 Rb8 41. Rb1 Qa7 42. Rb2 Qa3 43. Kf1 Qe3 44. Qb4 Kh7 45. Qd2 Qd4 46. Qb4 f5 47. Rd2 Qe3 48. exf5 exf5 49. Rd6 e4 50. Qd2 Qxd2 51. Rxd2 e3 52. Rd5 Ra8 53. Bd3 Nxd3 54. Rxd3 f4 55. a3 g5 56. g3 Kg6 57. Ke2 Kf5 58. Rd5+ Ke6 59. Rd4 fxg3 60. hxg3 Rxa3 61. Rd8 Ke5 62. Rd5+ Ke6 63. Rd8 h5 64. Rh8 Ke5 65. Rxh5 Kd4 66. Rxg5 Ra2+ 67. Ke1 Kd3 68. Rd5+ Kxc4 69. Rd8 Rb2 70. f4 b5 71. Rd7 b4 72. Rc7+ Kd3 73. Rd7+ Kc4 74. f5 b3 75. f6 Rf2 76. Rb7 Kc3 77. g4 b2 78. Rb6 Rxf6 0-1

[Event "FB1 2223 SK Schwäbisch Hall - SV Mediz"]
[Site "?"]
[Date "2023.02.19"]
[Round "6.4"]
[White "Atalik, Ekaterina"]
[Black "Anisheva, Varvara"]
[Result "1-0"]
[WhiteElo "2403"]
[BlackElo "2088"]
[PlyCount "93"]
[EventDate "2023.??.??"]

1. c4 g6 2. g3 Bg7 3. Bg2 d6 4. Nf3 Nf6 5. O-O O-O 6. Nc3 c6 7. e4 e5 8. d4 Qc7 9. h3 Nbd7 10. Be3 Rd8 11. Qc2 Nf8 12. Rad1 Be6 13. b3 h6 14. Qc1 Kh7 15. Nh4 Qc8 16. Kh2 g5 17. dxe5 Ng8 18. Nf5 Bxf5 19. exf5 dxe5 20. Rxd8 Qxd8 21. Ne4 Nf6 22. Rd1 Qc7 23. Bc5 Nxe4 24. Bxe4 Bf6 25. Qc3 Rd8 26. Rxd8 Qxd8 27. Bxa7 Qa8 28. Be3 Qxa2 29. b4 Kg7 30. b5 Qa4 31. bxc6 bxc6 32. Qd3 Nh7 33. Bf3 Nf8 34. Qe4 Nd7 35. Qxc6 Qxc6 36. Bxc6 Nb8 37. Bb5 Bd8 38. Kg2 Kf6 39. g4 Bc7 40. Kf3 Ke7 41. Ke4 Nd7 42. Bxd7 Kxd7 43. Kd5 Bd6 44. c5 Bc7 45. c6+ Ke7 46. Bc5+ Ke8 47. Bd6 1-0

[Event "FB1 2223 SK Schwäbisch Hall - SV Mediz"]
[Site "?"]
[Date "2023.02.19"]
[Round "6.5"]
[White "Troyke, Doreen"]
[Black "Matnadze Bujiashvili, Ann"]
[Result "0-1"]
[WhiteElo "1996"]
[BlackElo "2392"]
[PlyCount "102"]
[EventDate "2023.??.??"]

1. c4 Nf6 2. g3 e6 3. Nf3 b6 4. Bg2 Bb7 5. O-O Be7 6. b3 O-O 7. Bb2 c5 8. Nc3 d5 9. cxd5 Nxd5 10. Nxd5 Bxd5 11. d4 Nd7 12. Qd2 Rc8 13. Rfd1 Nf6 14. e3 c4 15. bxc4 Rxc4 16. Rdc1 Rxc1+ 17. Qxc1 Qa8 18. Ne1 Bxg2 19. Nxg2 Ne4 20. h4 Rc8 21. Qd1 Qd5 22. Nf4 Qb5 23. Rb1 Qa5 24. Qd3 Nd2 25. Ra1 Qb4 26. Rc1 Nf3+ 27. Kh1 Rxc1+ 28. Bxc1 Qe1+ 29. Kg2 Nxh4+ 30. gxh4 Qxc1 31. Qb5 Qc8 32. h5 h6 33. a4 Bd6 34. Nd3 Qa8+ 35. Kf1 Qf3 36. Ke1 Qb7 37. a5 Qh1+ 38. Kd2 bxa5 39. Qxa5 Qa8 40. Qa6 Qb8 41. Ke2 Qc7 42. Kf3 Kh7 43. Ke2 Qc2+ 44. Kf3 Qd1+ 45. Kg2 Qxh5 46. Qxd6 Qg6+ 47. Kh2 Qxd3 48. Qc7 Qf5 49. Kg1 a5 50. Qc6 Qd5 51. Qa4 h5 0-1

[Event "FB1 2223 SK Schwäbisch Hall - SV Mediz"]
[Site "?"]
[Date "2023.02.19"]
[Round "6.6"]
[White "Daulyte-Cornette, Deimante"]
[Black "Umpfenbach, Carolin"]
[Result "1-0"]
[WhiteElo "2342"]
[BlackElo "2039"]
[PlyCount "75"]
[EventDate "2023.??.??"]

1. e4 e6 2. d4 d5 3. Nd2 dxe4 4. Nxe4 Nf6 5. Nxf6+ Qxf6 6. Nf3 h6 7. Bd3 Bd6 8. O-O Nc6 9. Re1 Bd7 10. c3 O-O-O 11. b4 g5 12. b5 Ne7 13. Ne5 Be8 14. Qe2 Nd5 15. Bd2 h5 16. c4 Nf4 17. Qf3 Bxe5 18. dxe5 Rxd3 19. exf6 Rxf3 20. gxf3 Bd7 21. Bxf4 gxf4 22. Re4 e5 23. Rxe5 Be6 24. Re4 h4 25. Rxf4 h3 26. Re1 Rg8+ 27. Kf1 Kd8 28. Rd4+ Kc8 29. f4 c5 30. bxc6 bxc6 31. Re5 Kc7 32. f5 Bc8 33. c5 Ba6+ 34. Ke1 Rg1+ 35. Kd2 Rg2 36. Re7+ Kc8 37. Ke3 Rxh2 38. Rh4 1-0

[Event "FB1 2223 Schachfreunde Deizisau - SV We"]
[Site "?"]
[Date "2023.02.19"]
[Round "6.1"]
[White "Cyfka, Karina"]
[Black "Klek, Hanna Marie"]
[Result "1/2-1/2"]
[WhiteElo "2348"]
[BlackElo "2318"]
[PlyCount "25"]
[EventDate "2023.??.??"]

1. d4 Nf6 2. c4 e6 3. Nf3 d5 4. Nc3 a6 5. cxd5 exd5 6. Bg5 Be6 7. e3 Nbd7 8. Bd3 Bd6 9. O-O c6 10. Bf4 Qc7 11. Qd2 h6 12. Rac1 O-O 13. h3 1/2-1/2

[Event "FB1 2223 Schachfreunde Deizisau - SV We"]
[Site "?"]
[Date "2023.02.19"]
[Round "6.2"]
[White "Schleining, Zoya"]
[Black "Kulon, Klaudia"]
[Result "0-1"]
[WhiteElo "2339"]
[BlackElo "2281"]
[PlyCount "64"]
[EventDate "2023.??.??"]

1. d4 Nf6 2. Nf3 g6 3. Nc3 Bg7 4. e4 d6 5. Be2 a6 6. O-O b5 7. e5 Nfd7 8. Re1 Nb6 9. a4 b4 10. a5 bxc3 11. axb6 O-O 12. bxc7 Qxc7 13. exd6 cxb2 14. Bxb2 exd6 15. Ra3 Bf5 16. Bd3 Bxd3 17. Qxd3 Nc6 18. Qc4 Rfc8 19. Rae3 Qb7 20. Qa2 a5 21. Ba3 Qd7 22. Qd5 Bf6 23. c3 Ne7 24. Qa2 Nf5 25. Rd3 Qb5 26. Qd2 h5 27. h3 h4 28. Nh2 Bg5 29. Qd1 Rab8 30. Bxd6 Nxd6 31. Re5 Qb1 32. Rxg5 Rxc3 0-1

[Event "FB1 2223 Schachfreunde Deizisau - SV We"]
[Site "?"]
[Date "2023.02.19"]
[Round "6.3"]
[White "Hincu, Olga"]
[Black "Belenkaya, Dina"]
[Result "0-1"]
[WhiteElo "2137"]
[BlackElo "2289"]
[PlyCount "76"]
[EventDate "2023.??.??"]

1. d4 Nf6 2. Nf3 e6 3. c4 Bb4+ 4. Nbd2 d5 5. e3 O-O 6. a3 Be7 7. Be2 b6 8. O-O c5 9. Qc2 Bb7 10. b3 Nbd7 11. Bb2 Rc8 12. Rac1 Ne4 13. Nxe4 dxe4 14. Nd2 f5 15. Bc3 Qc7 16. b4 Qd6 17. f4 cxd4 18. Bxd4 Bf6 19. Qc3 Rfe8 20. Bxf6 gxf6 21. Nb3 e5 22. c5 Qe7 23. Bb5 Bd5 24. Rcd1 Be6 25. Rd6 Qf7 26. Rxe6 Rxe6 27. Rd1 Nf8 28. Bc4 b5 29. Bxe6 Qxe6 30. fxe5 fxe5 31. Na5 f4 32. c6 Rc7 33. exf4 exf4 34. Qc5 f3 35. Rd8 Rf7 36. c7 f2+ 37. Kf1 e3 38. Qg5+ Kh8 0-1

[Event "FB1 2223 Schachfreunde Deizisau - SV We"]
[Site "?"]
[Date "2023.02.19"]
[Round "6.4"]
[White "Rapport, Jovana"]
[Black "Wagenschuetz, Evelyn"]
[Result "1-0"]
[WhiteElo "2313"]
[BlackElo "2097"]
[PlyCount "65"]
[EventDate "2023.??.??"]

1. e4 c5 2. Nf3 d6 3. Bb5+ Bd7 4. c4 Nc6 5. Nc3 Nf6 6. d4 cxd4 7. Nxd4 g6 8. h3 Bg7 9. Be3 O-O 10. O-O Rc8 11. Rc1 a6 12. Bxc6 bxc6 13. c5 d5 14. e5 Ne4 15. Nxe4 dxe4 16. e6 Be8 17. Qa4 f5 18. f4 exf3 19. Nxf3 Qd3 20. Bg5 Rc7 21. Qh4 Bf6 22. Bxf6 exf6 23. Qf4 Re7 24. Rfe1 Qb5 25. Qd6 Qb7 26. Rc3 g5 27. Rb3 Qc7 28. Nd4 Qa5 29. Rd1 Ra7 30. Rb8 Qc7 31. Nxf5 Rb7 32. Qxc7 Rxc7 33. e7 1-0

[Event "FB1 2223 Schachfreunde Deizisau - SV We"]
[Site "?"]
[Date "2023.02.19"]
[Round "6.5"]
[White "Kunze, Kerstin"]
[Black "Koepke, Elena"]
[Result "1/2-1/2"]
[WhiteElo "2001"]
[BlackElo "2246"]
[PlyCount "76"]
[EventDate "2023.??.??"]

1. e4 c5 2. Nf3 d6 3. Bb5+ Nd7 4. c3 a6 5. Ba4 Ngf6 6. Qe2 e5 7. O-O b5 8. Bc2 Be7 9. d4 Qc7 10. d5 Nb6 11. Nbd2 O-O 12. Rd1 g6 13. Nf1 Nh5 14. Bh6 Ng7 15. Ng3 f6 16. Qd2 Rf7 17. h3 Bd7 18. Nh2 Qc8 19. Rf1 Bf8 20. Rae1 a5 21. b3 a4 22. f4 Nh5 23. Bxf8 Nxg3 24. Bxd6 Nxf1 25. Rxf1 axb3 26. axb3 exf4 27. Qxf4 Ra2 28. Bd1 Ra1 29. Qf2 Qe8 30. Bxc5 Nc8 31. Qb2 Ra6 32. Re1 Nd6 33. Bf3 Qe5 34. Bd4 Qg3 35. Bf2 Qe5 36. Bd4 Qg3 37. Bf2 Qe5 38. Bd4 Qg3 1/2-1/2

[Event "FB1 2223 Schachfreunde Deizisau - SV We"]
[Site "?"]
[Date "2023.02.19"]
[Round "6.6"]
[White "Jelica, Mara"]
[Black "Just, Anita"]
[Result "1/2-1/2"]
[WhiteElo "2102"]
[BlackElo "1903"]
[PlyCount "81"]
[EventDate "2023.??.??"]

1. e4 e6 2. d4 d5 3. e5 c5 4. c3 Nc6 5. Nf3 Qb6 6. Be2 cxd4 7. cxd4 f6 8. O-O fxe5 9. dxe5 Nh6 10. Nc3 g6 11. Bb5 Nf7 12. Qe2 Bg7 13. Bf4 O-O 14. Bg3 Bd7 15. Na4 Qc7 16. Nc5 a6 17. Nxd7 Qxd7 18. Ba4 Rac8 19. Rac1 b5 20. Bb3 Na5 21. Rxc8 Rxc8 22. Bd1 Nc4 23. b3 Na5 24. Ne1 Nc6 25. Nd3 Nd4 26. Qd2 Nf5 27. Bf4 Qc7 28. Bg4 Qd8 29. h3 N7h6 30. Bd1 Nf7 31. b4 Qb6 32. Bg4 Qd4 33. Bxf5 gxf5 34. Be3 Qh4 35. Nc5 Rc6 36. f4 Qe7 37. Qe2 Nd8 38. Qh5 Bf8 39. Bf2 Qg7 40. Kh1 Qg6 41. Qf3 1/2-1/2

[Event "FB1 2223 OSG Baden-Baden - Rodewischer"]
[Site "?"]
[Date "2023.02.19"]
[Round "6.1"]
[White "Sieber, Fiona"]
[Black "Kosteniuk, Alexandra"]
[Result "0-1"]
[WhiteElo "2218"]
[BlackElo "2519"]
[PlyCount "56"]
[EventDate "2023.??.??"]

1. e4 c6 2. Nf3 d5 3. exd5 cxd5 4. Ne5 Nf6 5. d4 Nc6 6. Bb5 Bd7 7. Nxd7 Qxd7 8. c3 e6 9. O-O Bd6 10. Nd2 Qc7 11. Nf3 O-O 12. Bd3 Rab8 13. Qe2 Rfe8 14. g3 a6 15. Re1 Nd7 16. Qc2 h6 17. Be3 b5 18. Qd2 f5 19. Nh4 Nf6 20. Ng2 Ne4 21. Qe2 Qb7 22. Bf4 e5 23. dxe5 Nxe5 24. Rad1 Bc5 25. Bxe4 dxe4 26. Bxe5 Rxe5 27. Rd2 Rbe8 28. Ne3 Qf7 0-1

[Event "FB1 2223 OSG Baden-Baden - Rodewischer"]
[Site "?"]
[Date "2023.02.19"]
[Round "6.2"]
[White "Abdumalik, Zhansaya"]
[Black "Lubbe, Melanie"]
[Result "1-0"]
[WhiteElo "2496"]
[BlackElo "2261"]
[PlyCount "61"]
[EventDate "2023.??.??"]

1. e4 c5 2. Nf3 d6 3. d4 cxd4 4. Nxd4 Nf6 5. Nc3 Nc6 6. Bg5 e6 7. Qd2 Be7 8. O-O-O O-O 9. h4 Nxd4 10. Qxd4 h6 11. f4 Qc7 12. Qe3 Rd8 13. Bd3 Bd7 14. e5 dxe5 15. fxe5 hxg5 16. hxg5 Ng4 17. Qe4 Bxg5+ 18. Kb1 f5 19. exf6 Nxf6 20. Qg6 Qe5 21. Rde1 Qf4 22. Ne4 Nxe4 23. Bxe4 Bh4 24. Ref1 Qh6 25. Qf7+ Kh8 26. g3 Bb5 27. Rxh4 Qxh4 28. gxh4 Bxf1 29. Qxf1 Rd4 30. Qf3 Rad8 31. b3 1-0

[Event "FB1 2223 OSG Baden-Baden - Rodewischer"]
[Site "?"]
[Date "2023.02.19"]
[Round "6.3"]
[White "Movsesian, Julia"]
[Black "Paehtz, Elisabeth"]
[Result "0-1"]
[WhiteElo "2257"]
[BlackElo "2464"]
[PlyCount "160"]
[EventDate "2023.??.??"]

1. e4 c5 2. Nf3 d6 3. d4 cxd4 4. Qxd4 Nf6 5. Be2 g6 6. O-O Bg7 7. h3 O-O 8. Qe3 Nbd7 9. c4 b6 10. Nc3 Bb7 11. Rd1 Nc5 12. e5 Nfe4 13. Nxe4 Nxe4 14. exd6 Nxd6 15. Qb3 Qc8 16. Bg5 Re8 17. Rac1 Qc6 18. Bf1 Ne4 19. Be3 Nc5 20. Qc2 a5 21. Nd4 Qf6 22. Nb5 Be4 23. Qd2 Rac8 24. Bd4 Qf5 25. Bxg7 Kxg7 26. b3 Qf6 27. Rc3 Bc6 28. Re3 Rcd8 29. Qe1 Bxb5 30. cxb5 e6 31. Rf3 Rxd1 32. Qxd1 Rd8 33. Qc1 Qd4 34. Rf4 Qe5 35. Rh4 h5 36. b4 axb4 37. Rxb4 Qf6 38. Rf4 Qe5 39. Rc4 Ra8 40. Rc2 Ra4 41. Rd2 Rb4 42. Qc2 Qe4 43. Re2 Qd4 44. a3 Ra4 45. Re3 Qd6 46. Qc1 Qd5 47. Be2 Rd4 48. Bf3 Qd6 49. Qc3 h4 50. Re1 e5 51. Bc6 f6 52. Ra1 Rd3 53. Qc4 Rd4 54. Qc2 Rd2 55. Qc4 e4 56. a4 Qe5 57. Re1 Rd4 58. Qe2 Rxa4 59. Qd2 Nd3 60. Rd1 Ra1 61. Rxa1 Qxa1+ 62. Kh2 Qd4 63. Kg1 f5 64. Qa2 Kf6 65. Be8 Kg5 66. Qd2+ Nf4 67. Qc1 Qc3 68. Qxc3 Ne2+ 69. Kf1 Nxc3 70. Ke1 Nd5 71. g3 hxg3 72. fxg3 Kf6 73. h4 Nc7 74. Bd7 Ke7 75. Bc6 Ne6 76. g4 Nd4 77. gxf5 gxf5 78. h5 e3 79. Kf1 Kf6 80. Kg2 Kg5 0-1

[Event "FB1 2223 OSG Baden-Baden - Rodewischer"]
[Site "?"]
[Date "2023.02.19"]
[Round "6.4"]
[White "Salimova, Nurgyul"]
[Black "Sliwicka, Alicja"]
[Result "1-0"]
[WhiteElo "2387"]
[BlackElo "2289"]
[PlyCount "81"]
[EventDate "2023.??.??"]

1. d4 Nf6 2. Bf4 g6 3. Nc3 d5 4. e3 Bg7 5. h4 c5 6. Nb5 Na6 7. Be2 Bf5 8. h5 Nxh5 9. Bxh5 Qa5+ 10. Nc3 gxh5 11. Qxh5 Bg6 12. Qe2 Nb4 13. Rc1 Nxa2 14. Ra1 Nxc3 15. Rxa5 Nxe2 16. Nxe2 b6 17. Ra6 Bxc2 18. Kd2 Bg6 19. Rha1 cxd4 20. exd4 Rc8 21. Rxa7 Rc2+ 22. Kd1 O-O 23. Rxe7 Rxb2 24. Be3 Rc8 25. Nf4 Bc2+ 26. Ke1 Bf8 27. Rd7 b5 28. Nxd5 Bd3 29. Ne7+ Kh8 30. d5 Bg7 31. Nxc8 Bc3+ 32. Kd1 Re2 33. Bd4+ Bxd4 34. Ra3 Bc4 35. Nd6 Rxf2 36. Nxf7+ Kg7 37. Ne5+ Kg8 38. Ra8+ Rf8 39. Rxf8+ Kxf8 40. Nxc4 bxc4 41. Rxh7 1-0

[Event "FB1 2223 OSG Baden-Baden - Rodewischer"]
[Site "?"]
[Date "2023.02.19"]
[Round "6.5"]
[White "Miturova, Magdalena"]
[Black "Heinemann, Josefine"]
[Result "0-1"]
[WhiteElo "2136"]
[BlackElo "2336"]
[PlyCount "44"]
[EventDate "2023.??.??"]

1. e4 c5 2. Nf3 d6 3. Bb5+ Nd7 4. d4 cxd4 5. Qxd4 a6 6. Ba4 Ngf6 7. Bg5 b5 8. Bb3 e6 9. O-O Bb7 10. Nc3 Be7 11. Rfe1 Nc5 12. Rad1 O-O 13. a3 Nxb3 14. cxb3 Rc8 15. Rd2 Qc7 16. Rc1 Nxe4 17. Nxe4 Qxc1+ 18. Rd1 Bxg5 19. Nfxg5 Qf4 20. g3 Qe5 21. Qd3 Bxe4 22. Nxe4 d5 0-1

[Event "FB1 2223 OSG Baden-Baden - Rodewischer"]
[Site "?"]
[Date "2023.02.19"]
[Round "6.6"]
[White "Kachiani-Gersinska, Ketino"]
[Black "Kanakova, Natalie"]
[Result "0-1"]
[WhiteElo "2318"]
[BlackElo "2109"]
[PlyCount "110"]
[EventDate "2023.??.??"]

1. d4 f5 2. g3 Nf6 3. Bg2 d6 4. Nh3 g6 5. d5 c6 6. c4 Bg7 7. Nf4 O-O 8. Nc3 e5 9. dxe6 Qe7 10. Qb3 Na6 11. O-O Nc5 12. Qa3 Bxe6 13. Nxe6 Qxe6 14. Bf4 Rfd8 15. Rad1 Nce4 16. Nxe4 Nxe4 17. Bxe4 Qxe4 18. e3 Qxc4 19. Rxd6 Rxd6 20. Qxd6 Qxa2 21. Rd1 Qxb2 22. Qc7 Qb6 23. Qe7 Qb3 24. Qd7 a5 25. Rd6 Qf7 26. Qxf7+ Kxf7 27. Rd7+ Kg8 28. Rxb7 a4 29. Bd6 a3 30. Bxa3 Rxa3 31. Rc7 Rc3 32. h3 c5 33. g4 f4 34. exf4 Bd4 35. Rc8+ Kf7 36. Rc7+ Kf6 37. Rxh7 Rf3 38. Kg2 Rxf4 39. f3 Be5 40. h4 c4 41. h5 gxh5 42. Rxh5 c3 43. Rh6+ Kf7 44. Rc6 Rd4 45. f4 Rxf4 46. g5 Rg4+ 47. Kf3 Rxg5 48. Ke4 Bf6 49. Kd3 Rg2 50. Kc4 Kg6 51. Kd5 Kf5 52. Kc4 Be5 53. Kd3 Rd2+ 54. Ke3 Bd4+ 55. Kf3 c2 0-1

[Event "FB1 2223 OSG Baden-Baden - SG Solingen"]
[Site "?"]
[Date "2023.03.11"]
[Round "7.1"]
[White "Gaponenko, Inna"]
[Black "Kosteniuk, Alexandra"]
[Result "1/2-1/2"]
[WhiteElo "2349"]
[BlackElo "2536"]
[PlyCount "74"]
[EventDate "2023.??.??"]

1. e4 c6 2. d4 d5 3. exd5 cxd5 4. Bd3 Nc6 5. c3 Nf6 6. h3 g6 7. Nf3 Bf5 8. Be2 Qc7 9. O-O e6 10. Re1 h6 11. Ne5 Nd7 12. Nxd7 Qxd7 13. Nd2 g5 14. Nf1 Bg6 15. a4 Bd6 16. a5 a6 17. b4 O-O 18. Bd2 Rfc8 19. b5 axb5 20. Bxb5 Qc7 21. a6 Na5 22. axb7 Qxb7 23. Qe2 Nc4 24. Rxa8 Qxa8 25. Bxc4 dxc4 26. h4 gxh4 27. Bxh6 Qa5 28. Qg4 Qh5 29. Qxh5 Bxh5 30. Bg5 h3 31. gxh3 Kh7 32. Bh4 Ba3 33. Re5 Bf3 34. Nd2 Bd5 35. Ne4 Bxe4 36. Rxe4 Bb2 37. Re3 Ra8 1/2-1/2

[Event "FB1 2223 OSG Baden-Baden - SG Solingen"]
[Site "?"]
[Date "2023.03.11"]
[Round "7.2"]
[White "Paehtz, Elisabeth"]
[Black "Muetsch, Annmarie"]
[Result "1-0"]
[WhiteElo "2474"]
[BlackElo "2251"]
[PlyCount "63"]
[EventDate "2023.??.??"]

1. e4 d6 2. d4 Nf6 3. Nc3 e5 4. Nf3 Nbd7 5. Bc4 Be7 6. O-O O-O 7. a4 a6 8. Re1 b6 9. Ba2 Bb7 10. Qd3 c6 11. Bg5 h6 12. Be3 exd4 13. Nxd4 Nc5 14. Qe2 Re8 15. f3 b5 16. Nf5 Bf8 17. Qf2 Bc8 18. Rad1 Qc7 19. Nxh6+ gxh6 20. Qg3+ Kh7 21. Bxc5 Be6 22. Bxd6 Qa7+ 23. Kh1 Bxd6 24. Rxd6 b4 25. Bxe6 Rxe6 26. Rxe6 fxe6 27. Nd1 Rg8 28. Qd6 Qg7 29. Ne3 Qf7 30. Rd1 Rg7 31. Qxc6 Nh5 32. e5 1-0

[Event "FB1 2223 OSG Baden-Baden - SG Solingen"]
[Site "?"]
[Date "2023.03.11"]
[Round "7.3"]
[White "Zozulia, Anna"]
[Black "Zatonskih, Anna"]
[Result "1/2-1/2"]
[WhiteElo "2236"]
[BlackElo "2337"]
[PlyCount "165"]
[EventDate "2023.??.??"]

1. e4 e6 2. d4 d5 3. exd5 exd5 4. Nf3 Nf6 5. Bd3 Bd6 6. O-O O-O 7. Re1 Bg4 8. Nbd2 Nc6 9. c3 Qd7 10. Nf1 Rae8 11. Rxe8 Rxe8 12. Bg5 Ne4 13. Bh4 Bf4 14. Bg3 Bh6 15. h3 Bh5 16. Bh2 Qe7 17. Ng3 Nxg3 18. Bxg3 Nd8 19. Qe1 Qf8 20. Qf1 Bxf3 21. gxf3 Qe7 22. Bc2 c6 23. Qd3 g6 24. Kh2 Qf6 25. Rg1 Re7 26. Qd1 Bf4 27. Kg2 Ne6 28. Re1 h5 29. h4 b6 30. Bd3 c5 31. dxc5 bxc5 32. c4 Bxg3 33. fxg3 Qxb2+ 34. Re2 Qd4 35. cxd5 Qxd5 36. Qb3 Qd6 37. Qc4 Kg7 38. Rc2 Rb7 39. Be4 Rb4 40. Qd5 Rd4 41. Qxd6 Rxd6 42. Kf2 Kf6 43. Ke3 Ke7 44. g4 Rd1 45. gxh5 gxh5 46. Rb2 Rh1 47. Rb7+ Kf6 48. Rxa7 Rxh4 49. Bc6 Nd4 50. Bd5 Nf5+ 51. Kf2 Nd6 52. Rd7 Ke5 53. Bxf7 Nxf7 54. Rxf7 Rh2+ 55. Kg3 Rxa2 56. Rh7 c4 57. Rxh5+ Kd4 58. Rh8 c3 59. Rd8+ Ke3 60. Re8+ Kd2 61. Rd8+ Ke1 62. Rc8 c2 63. Kg4 Kd2 64. Rd8+ Ke3 65. Re8+ Kd4 66. Rd8+ Kc3 67. Rc8+ Kb2 68. Rb8+ Kc1 69. f4 Ra3 70. f5 Rc3 71. Rh8 Kd2 72. Rh1 c1=Q 73. Rxc1 Rxc1 74. f6 Rf1 75. Kg5 Ke3 76. Kg6 Ke4 77. f7 Ke5 78. Kg7 Rg1+ 79. Kh7 Rh1+ 80. Kg7 Rg1+ 81. Kh7 Rf1 82. Kg7 Rxf7+ 83. Kxf7 1/2-1/2

[Event "FB1 2223 OSG Baden-Baden - SG Solingen"]
[Site "?"]
[Date "2023.03.11"]
[Round "7.4"]
[White "Heinemann, Josefine"]
[Black "Muedder, Melanie"]
[Result "1-0"]
[WhiteElo "2343"]
[BlackElo "1853"]
[PlyCount "43"]
[EventDate "2023.??.??"]

1. e4 c5 2. Nf3 Nc6 3. Bb5 Nf6 4. Nc3 Qc7 5. a4 e6 6. d3 Be7 7. O-O Ng4 8. h3 h5 9. Bxc6 bxc6 10. Re1 Ne5 11. Nxe5 Qxe5 12. f4 Qd4+ 13. Be3 Qb4 14. Bd2 Qd4+ 15. Kh1 Rb8 16. b3 Bb7 17. e5 Qf2 18. Ne4 Qh4 19. Rf1 Bf8 20. Ng5 Qg3 21. Qe2 c4 22. Be1 1-0

[Event "FB1 2223 OSG Baden-Baden - SG Solingen"]
[Site "?"]
[Date "2023.03.11"]
[Round "7.5"]
[White "Sereda, Yaroslava"]
[Black "Kachiani-Gersinska, Ketino"]
[Result "0-1"]
[WhiteElo "1896"]
[BlackElo "2317"]
[PlyCount "64"]
[EventDate "2023.??.??"]

1. e4 c6 2. d4 d5 3. exd5 cxd5 4. Bd3 Nf6 5. c3 Bg4 6. Qb3 Qc7 7. Ne2 Bxe2 8. Bxe2 Nbd7 9. O-O e6 10. Na3 a6 11. c4 Bxa3 12. bxa3 dxc4 13. Bxc4 O-O 14. Bb2 b5 15. Be2 Nb6 16. Rac1 Qd7 17. Rfd1 Nfd5 18. Qg3 Na4 19. Ba1 Rac8 20. Qb3 h6 21. Bf3 Rxc1 22. Rxc1 Rc8 23. Bb2 Rc7 24. Bxd5 exd5 25. Qg3 Rc4 26. Rxc4 bxc4 27. Bc1 Qf5 28. h3 Kh7 29. Qd6 Qb1 30. Qf4 Nc3 31. Qxf7 Qxc1+ 32. Kh2 Qb1 0-1

[Event "FB1 2223 OSG Baden-Baden - SG Solingen"]
[Site "?"]
[Date "2023.03.11"]
[Round "7.6"]
[White "Tammert, Iamze"]
[Black "Fetahovic, Sarah"]
[Result "1/2-1/2"]
[WhiteElo "2282"]
[BlackElo "1367"]
[PlyCount "66"]
[EventDate "2023.??.??"]

1. c4 e5 2. Nc3 Nf6 3. g3 Bb4 4. Bg2 d6 5. Qa4+ Nc6 6. Bxc6+ bxc6 7. Qxb4 O-O 8. d3 h6 9. Nf3 Re8 10. O-O Bg4 11. Ne4 Nh5 12. c5 f5 13. Nc3 Qd7 14. cxd6 cxd6 15. Kg2 f4 16. Ng1 g5 17. f3 Be6 18. Ne4 c5 19. Qe1 Kf7 20. g4 Nf6 21. Nxf6 Kxf6 22. b4 h5 23. h3 hxg4 24. fxg4 Bxg4 25. Rf3 Bxf3+ 26. exf3 Rac8 27. bxc5 Rxc5 28. Qb4 Rec8 29. Bd2 Rb5 30. Qa4 Rb7 31. Qxd7 Rxd7 32. Kf2 Rc2 33. Ke1 Rb7 1/2-1/2

[Event "FB1 2223 Schachfreunde Deizisau - SV Hem"]
[Site "?"]
[Date "2023.03.11"]
[Round "7.1"]
[White "Cosma, Elena-Luminita"]
[Black "Klek, Hanna Marie"]
[Result "0-1"]
[WhiteElo "2227"]
[BlackElo "2314"]
[PlyCount "80"]
[EventDate "2023.??.??"]

1. Nf3 d5 2. g3 Nf6 3. Bg2 Bf5 4. O-O e6 5. d4 c6 6. c4 Nbd7 7. Nc3 Ne4 8. Nd2 Nxd2 9. Bxd2 dxc4 10. e4 Bg6 11. Qe2 Nb6 12. Be3 Be7 13. a4 a5 14. h4 h5 15. f4 f6 16. Rfd1 Qc7 17. Qf2 Bf7 18. d5 Nc8 19. dxc6 bxc6 20. e5 Rb8 21. Rd2 O-O 22. Rad1 Nb6 23. exf6 gxf6 24. Bxb6 Qxb6 25. Qxb6 Rxb6 26. Ne4 Rfb8 27. Nd6 Bxd6 28. Rxd6 Rxb2 29. Rxc6 R8b3 30. Rf1 Rxg3 31. Rf2 c3 32. Kh2 Rg4 33. Rxb2 cxb2 34. Rb6 Rxf4 35. Rxb2 Rxh4+ 36. Kg3 Rxa4 37. Rb7 Rb4 38. Ra7 a4 39. Bf3 h4+ 40. Kg2 e5 0-1

[Event "FB1 2223 Schachfreunde Deizisau - SV Hem"]
[Site "?"]
[Date "2023.03.11"]
[Round "7.4"]
[White "Nebolsina, Vera"]
[Black "Hess, Olena"]
[Result "1-0"]
[WhiteElo "2226"]
[BlackElo "2054"]
[PlyCount "67"]
[EventDate "2023.??.??"]

1. e4 d6 2. d4 Nf6 3. Nc3 e5 4. Nf3 Nbd7 5. Bc4 Be7 6. O-O O-O 7. a4 c6 8. Qe2 exd4 9. Nxd4 Re8 10. a5 Bf8 11. a6 d5 12. axb7 Bxb7 13. Ba6 Qc8 14. Bxb7 Qxb7 15. Qa6 Qxa6 16. Rxa6 Nb8 17. Ra1 Nxe4 18. Na4 a5 19. Re1 Rd8 20. Bf4 Bd6 21. Bxd6 Nxd6 22. Nc5 Rc8 23. b4 Nc4 24. Nf5 Kf8 25. bxa5 g6 26. a6 gxf5 27. a7 Rd8 28. Reb1 Kg7 29. Rb7 Kg6 30. Rab1 Nd7 31. Nxd7 Nd6 32. Rb8 Nb5 33. Rxd8 Rxd8 34. Rxb5 1-0

[Event "FB1 2223 Schachfreunde Deizisau - SV Hem"]
[Site "?"]
[Date "2023.03.11"]
[Round "7.5"]
[White "Frey, Alisa"]
[Black "Jelica, Mara"]
[Result "1-0"]
[WhiteElo "1996"]
[BlackElo "2081"]
[PlyCount "82"]
[EventDate "2023.??.??"]

1. e4 c5 2. Nf3 d6 3. d4 cxd4 4. Qxd4 Nc6 5. Bb5 Bd7 6. Bxc6 bxc6 7. c4 e5 8. Qd3 Qc7 9. O-O Be7 10. Rd1 Bg4 11. h3 Bh5 12. Nc3 Rd8 13. b3 h6 14. a4 Nf6 15. Ba3 O-O 16. g4 Bg6 17. Qe3 Nh7 18. Rd3 h5 19. g5 f6 20. Nh4 Be8 21. Nf5 Bg6 22. Nh4 Be8 23. Nf5 Nxg5 24. Rad1 Nf7 25. Qg3 g5 26. Qf3 h4 27. Qh5 Nh8 28. Qh6 Rf7 29. Bxd6 Bxd6 30. Rxd6 Rxd6 31. Rxd6 Bd7 32. Rxf6 Bxf5 33. exf5 Rxf6 34. Qxf6 Nf7 35. Ne4 Qd8 36. Qg6+ Kf8 37. f6 Qd1+ 38. Kg2 Qxb3 39. Qg7+ Ke8 40. Qg8+ Kd7 41. Qxf7+ Kc8 1-0

[Event "FB1 2223 Schachfreunde Deizisau - SV Hem"]
[Site "?"]
[Date "2023.03.11"]
[Round "7.6"]
[White "Valkova, Angelika"]
[Black "Dartmann Aubanell, Catriona"]
[Result "1-0"]
[WhiteElo "2055"]
[BlackElo "1883"]
[PlyCount "47"]
[EventDate "2023.??.??"]

1. d4 d5 2. c4 c6 3. cxd5 cxd5 4. Nc3 Nf6 5. Bf4 Nc6 6. e3 Bf5 7. Qb3 Qd7 8. Bb5 a6 9. Bxc6 Qxc6 10. Nf3 e6 11. Ne5 Qc8 12. O-O b5 13. Rfc1 Qd8 14. Nxb5 axb5 15. Qxb5+ Nd7 16. Qb7 Nxe5 17. Bxe5 f6 18. Rc7 Bb4 19. Qb5+ Kf8 20. Qxb4+ Kg8 21. Qb7 Bg6 22. Rd7 fxe5 23. Rxd8+ Rxd8 24. Rc1 1-0